000
00296nam a22001337a 4500
008
171024b xxu||||| |||| 00| 0 eng d
020
_a
9780060411688
041
_a
eng
080
_a
311
100
_a
55
101
_a
STA
245
_a
STATISTICS FOR ECONOMICS
_c
CANIGLIA,A.S
942
_2
udc
_c
BK
999
_c
35775
_d
35775